|
|
|
|
| LEADER |
03489nam a22004818i 4500 |
| 001 |
42879 |
| 003 |
BD-DhAAL |
| 005 |
20240818161432.0 |
| 008 |
240814t2024 nju b 001 0 eng |
| 010 |
|
|
|a 2022040289
|
| 020 |
|
|
|a 1292452013
|
| 020 |
|
|
|a 9780137864102
|
| 040 |
|
|
|a DLC
|b eng
|e rda
|c DLC
|d BD-DhAAL
|
| 042 |
|
|
|a pcc
|
| 050 |
0 |
0 |
|a QH323.5
|b .T75 2024
|
| 082 |
0 |
0 |
|a 570.15195
|2 23
|
| 100 |
1 |
|
|a Triola, Marc M.,
|e author.
|
| 245 |
1 |
0 |
|a Biostatistics for the biological and health sciences /
|c Marc M. Triola, Mario F. Triola and Jason Roy.
|
| 250 |
|
|
|a Third edition.
|
| 264 |
|
1 |
|a Hoboken, NJ :
|b Pearson,
|c 2024.
|
| 300 |
|
|
|a 777 pages :
|b illustrations ;
|c 28 cm.
|
| 504 |
|
|
|a Includes bibliographical references and index.
|
| 520 |
|
|
|a "Popular textbook that examines the relationship between statistics and our world through extensive use of a wide variety of real world applications that bring life to statistical theory and methods"--
|
| 526 |
|
|
|a PHR
|
| 541 |
|
|
|a Karim International
|e 42879, 42880, 40881, 40882, 42883, 42884, 42885, 42886, 42887, 42888
|
| 650 |
|
0 |
|a Biometry.
|
| 650 |
|
0 |
|a Medical statistics.
|
| 650 |
|
0 |
|a Pharmacy.
|
| 700 |
1 |
|
|a Triola, Mario F.,
|e author.
|
| 700 |
1 |
|
|a Roy, Jason
|q (Jason Allen),
|e author.
|9 56639
|
| 852 |
|
|
|a Ayesha Abed Library
|c General Stacks
|
| 942 |
|
|
|2 ddc
|c BK
|
| 999 |
|
|
|c 46847
|d 46847
|
| 952 |
|
|
|0 0
|1 0
|2 ddc
|4 0
|6 570_151950000000000_TRI
|7 0
|9 75959
|a BRACUL
|b BRACUL
|c GEN
|d 2024-08-12
|e Karim International
|g 8400.00
|l 0
|o 570.15195 TRI
|p 3010042888
|r 2024-08-12
|t 10
|v 8400.00
|w 2024-08-12
|y BK
|
| 952 |
|
|
|0 0
|1 0
|2 ddc
|4 0
|6 570_151950000000000_TRI
|7 0
|9 75960
|a BRACUL
|b BRACUL
|c GEN
|d 2024-08-14
|e Karim International
|g 8400.00
|l 0
|o 570.15195 TRI
|p 3010042879
|r 2024-08-12
|t 1
|v 8400.00
|w 2024-08-12
|y BK
|
| 952 |
|
|
|0 0
|1 0
|2 ddc
|4 0
|6 570_151950000000000_TRI
|7 0
|9 75961
|a BRACUL
|b BRACUL
|c GEN
|d 2024-08-12
|e Karim International
|g 8400.00
|l 1
|m 9
|o 570.15195 TRI
|p 3010042884
|q 2026-06-02
|r 2026-03-04
|s 2026-03-04
|t 6
|v 8400.00
|w 2024-08-12
|y BK
|
| 952 |
|
|
|0 0
|1 0
|2 ddc
|4 0
|6 570_151950000000000_TRI
|7 0
|9 75962
|a BRACUL
|b BRACUL
|c GEN
|d 2024-08-14
|e Karim International
|g 8400.00
|l 5
|m 2
|o 570.15195 TRI
|p 3010042880
|q 2026-06-02
|r 2026-05-06
|s 2026-05-06
|t 2
|v 8400.00
|w 2024-08-12
|y BK
|
| 952 |
|
|
|0 0
|1 0
|2 ddc
|4 0
|6 570_151950000000000_TRI
|7 0
|9 75963
|a BRACUL
|b BRACUL
|c GEN
|d 2024-08-12
|e Karim International
|g 8400.00
|l 4
|m 50
|o 570.15195 TRI
|p 3010042882
|q 2026-05-19
|r 2025-10-13
|s 2025-10-13
|t 4
|v 8400.00
|w 2024-08-12
|y BK
|
| 952 |
|
|
|0 0
|1 0
|2 ddc
|4 0
|6 570_151950000000000_TRI
|7 0
|9 75964
|a BRACUL
|b BRACUL
|c GEN
|d 2024-08-12
|e Karim International
|g 8400.00
|l 2
|m 11
|o 570.15195 TRI
|p 3010042887
|r 2026-03-08
|s 2026-02-22
|t 9
|v 8400.00
|w 2024-08-12
|y BK
|
| 952 |
|
|
|0 0
|1 0
|2 ddc
|4 0
|6 570_151950000000000_TRI
|7 0
|9 75966
|a BRACUL
|b BRACUL
|c GEN
|d 2024-08-12
|e Karim International
|g 8400.00
|l 6
|m 17
|o 570.15195 TRI
|p 3010042886
|r 2026-05-20
|s 2026-02-23
|t 8
|v 8400.00
|w 2024-08-12
|y BK
|
| 952 |
|
|
|0 0
|1 0
|2 ddc
|4 0
|6 570_151950000000000_TRI
|7 0
|9 75967
|a BRACUL
|b BRACUL
|c GEN
|d 2024-08-12
|e Karim International
|g 8400.00
|l 3
|m 7
|o 570.15195 TRI
|p 3010042883
|r 2025-05-07
|s 2025-04-28
|t 5
|v 8400.00
|w 2024-08-12
|y BK
|
| 952 |
|
|
|0 0
|1 0
|2 ddc
|4 0
|6 570_151950000000000_TRI
|7 0
|9 75968
|a BRACUL
|b BRACUL
|c GEN
|d 2024-08-12
|e Karim International
|g 8400.00
|l 3
|m 15
|o 570.15195 TRI
|p 3010042881
|r 2026-03-29
|s 2026-02-22
|t 3
|v 8400.00
|w 2024-08-12
|y BK
|
| 952 |
|
|
|0 0
|1 0
|2 ddc
|4 0
|6 570_151950000000000_TRI
|7 0
|9 75990
|a BRACUL
|b BRACUL
|c GEN
|d 2024-08-12
|e Karim International
|g 8400.00
|l 4
|m 17
|o 570.15195 TRI
|p 3010042885
|r 2026-03-28
|s 2026-02-22
|t 7
|v 8400.00
|w 2024-08-12
|y BK
|